| 000 | 00987cam a2200277 4500 | ||
|---|---|---|---|
| 001 | ABS68109 | ||
| 008 | 040825n2004 000 0 eng u | ||
| 035 | _a(Sirsi) u127162 | ||
| 100 | _aSieracki, K. | ||
| 245 | _aDrivers for development: City of London office market | ||
| 260 | _c2004 | ||
| 490 |
_aReal Estate Review _v33(1) Spring 2004, 55-59(5) |
||
| 520 | _aThis article aims to analyze the office development cycle in the City of London and demonstrate how crucial timing is in order to achieve performance for property investment. Concludes with an overview of the future prospects for the City of London. Tables. | ||
| 590 | _aABS | ||
| 590 | _aABS | ||
| 650 | _aCITY OF LONDON | ||
| 650 | _aOFFICE MARKET | ||
| 650 | _aOFFICE DEVELOPMENT | ||
| 650 | _aPROPERTY INVESTMENT | ||
| 650 | _aRENTAL VALUES | ||
| 650 | _aCAPITAL VALUES | ||
| 650 | _aINVESTMENT MARKET | ||
| 650 | _aINTERNATIONAL MARKETS | ||
| 690 | _aCOMMERCIAL PROPERTY-MARKET | ||
| 942 | _n0 | ||
| 999 |
_c117899 _d117899 |
||